[Event "Reykjavik Open 2008"]
[Site "Reykjavik"]
[Date "2008.03.03"]
[Round "1.6"]
[White "Halkias, Stelios"]
[Black "Johannesson, Ingvar Thor"]
[Result "1-0"]
[WhiteElo "2580"]
[BlackElo "2338"]
[PlyCount "160"]
[EventDate "2008.03.03"]

1. Nf3 Nf6 2. c4 c6 3. Nc3 d5 4. d4 e6 5. Bg5 h6 6. Bxf6 Qxf6 7. Qc2 dxc4 8. e3
b5 9. a4 Bb7 10. Ne5 Bb4 11. axb5 cxb5 12. Bxc4 a6 13. Bd3 O-O 14. O-O Qe7 15.
Bh7+ Kh8 16. Be4 Rc8 17. Bxb7 Qxb7 18. Qe4 Ra7 19. Qxb7 Rxb7 20. Ne4 Rbc7 21.
Nd3 Be7 22. b4 Nc6 23. Rxa6 Nxb4 24. Nxb4 Bxb4 25. Rb6 Rc2 26. Rxb5 Bf8 27. g4
g6 28. g5 hxg5 29. Nxg5 R8c7 30. Rfb1 Kg7 31. Rb7 Be7 32. Nf3 Bf6 33. Kg2 Kf8
34. Rxc7 Rxc7 35. Rb5 Rd7 36. Kg3 Ke7 37. h3 Ra7 38. h4 Rc7 39. Ra5 Rd7 40. Kg4
Rb7 41. Kg3 Kd7 42. Ra6 Ke7 43. Kf4 Rd7 44. Kg3 Kf8 45. Nh2 Kg7 46. Ng4 Rd5 47.
Ra8 Rb5 48. Ra1 Rh5 49. Rh1 Ra5 50. Rc1 Rh5 51. Nxf6 Kxf6 52. Rc5 Rh8 53. Rc6
Rd8 54. Kf4 Rd5 55. Rc5 Rd8 56. f3 Rh8 57. Kg3 Rd8 58. Ra5 Rb8 59. e4 Rb4 60.
d5 exd5 61. Rxd5 Rb1 62. h5 gxh5 63. Rxh5 Rb4 64. Kf4 Rb3 65. e5+ Ke7 66. Rh6
Ra3 67. Ke4 Ra4+ 68. Kf5 Ra7 69. Rb6 Rc7 70. f4 Ra7 71. Kg5 Ra1 72. Rb7+ Ke8
73. f5 Ra6 74. Rb8+ Kd7 75. Rb7+ Ke8 76. Rb8+ Kd7 77. e6+ fxe6 78. f6 Ra5+ 79.
Kg6 Rf5 80. f7 Ke7 1-0

[Event "Reykjavik Open 2008"]
[Site "Reykjavik"]
[Date "2008.03.03"]
[Round "1.7"]
[White "Bergsson, Snorri"]
[Black "Meier, Georg"]
[Result "1/2-1/2"]
[WhiteElo "2333"]
[BlackElo "2570"]
[PlyCount "43"]
[EventDate "2008.03.03"]

1. e4 c5 2. Nf3 e6 3. d4 cxd4 4. Nxd4 a6 5. Nc3 Qc7 6. Bd3 Nf6 7. O-O d6 8. Qe2
Nbd7 9. Kh1 Be7 10. f4 O-O 11. Bd2 b5 12. Rae1 Nc5 13. e5 Nfd7 14. Bxh7+ Kxh7
15. Qh5+ Kg8 16. Rf3 dxe5 17. Rh3 f5 18. Qh7+ Kf7 19. Qh5+ Kg8 20. Qh7+ Kf7 21.
Qh5+ Kg8 22. Qh7+ 1/2-1/2

[Event "Reykjavik Open 2008"]
[Site "Reykjavik"]
[Date "2008.03.03"]
[Round "1.8"]
[White "Al-Modiahki, Mohamad"]
[Black "Sanchez Castillo, Sarai"]
[Result "1-0"]
[WhiteElo "2569"]
[BlackElo "2312"]
[PlyCount "79"]
[EventDate "2008.03.03"]

1. e4 e6 2. d4 d5 3. Nc3 Nf6 4. Bg5 dxe4 5. Nxe4 Be7 6. Bxf6 Bxf6 7. Nf3 Nd7 8.
Qd2 b6 9. Bb5 Bb7 10. Nxf6+ gxf6 11. Qf4 c6 12. Be2 Qe7 13. O-O-O O-O-O 14.
Rhe1 Qb4 15. Rd3 Rhe8 16. Rb3 Qf8 17. Re3 Qg7 18. Bf1 h5 19. h3 Nf8 20. Ra3 a5
21. Rb3 Nd7 22. Rbe3 Qf8 23. a3 f5 24. Bd3 Nf6 25. c4 Qd6 26. Qh4 Ne4 27. Bxe4
fxe4 28. Rxe4 Ba6 29. Ne5 f5 30. Rf4 Rf8 31. Kb1 c5 32. dxc5 Qxc5 33. Nf3 Rd6
34. Rd4 f4 35. Rxd6 Qxd6 36. Qxh5 Qd3+ 37. Ka1 Qxc4 38. Ne5 Qc7 39. Qh6 Bb5 40.
Qxf8+ 1-0

[Event "Reykjavik Open 2008"]
[Site "Reykjavik"]
[Date "2008.03.03"]
[Round "1.9"]
[White "Thomassen, Joachim"]
[Black "Dizdar, Goran"]
[Result "0-1"]
[WhiteElo "2308"]
[BlackElo "2564"]
[PlyCount "108"]
[EventDate "2008.03.03"]

1. e4 e6 2. d4 d5 3. Nc3 Nf6 4. e5 Nfd7 5. f4 c5 6. Nf3 Nc6 7. Be3 cxd4 8. Nxd4
Bc5 9. Qd2 O-O 10. O-O-O a6 11. Qf2 Bxd4 12. Bxd4 b5 13. Be3 b4 14. Na4 a5 15.
h4 Ba6 16. h5 Qc7 17. Kb1 Rfc8 18. g4 Qb7 19. g5 Bxf1 20. Rhxf1 Ne7 21. g6 fxg6
22. hxg6 h6 23. b3 Ra6 24. Rc1 Rac6 25. Qg1 Nf5 26. Rfd1 Qc7 27. Rd2 Qd8 28.
Rh2 Qe8 29. Bb6 Ra8 30. Bc5 Nxc5 31. Nxc5 Qc8 32. Na4 Qa6 33. Qf2 Rac8 34. Qd2
Qa7 35. Rh3 Qd4 36. Rd3 Qe4 37. Kb2 Ne7 38. c4 Nxg6 39. Rd4 Qf5 40. c5 Rf8 41.
a3 Nxf4 42. axb4 axb4 43. Ka2 Qxe5 44. Rxb4 Nh3 45. Rb6 Rf2 46. Qxf2 Nxf2 47.
Rxc6 Nd3 48. Rc8+ Kh7 49. Rc3 Qe2+ 50. Ka3 d4 51. Rc4 Qe1 52. Ka2 Qd2+ 53. Ka3
Qd1 54. Ka2 Nc1+ 0-1

[Event "Reykjavik Open 2008"]
[Site "Reykjavik"]
[Date "2008.03.03"]
[Round "1.10"]
[White "Stefansson, Hannes"]
[Black "Kjartansson, Gudmundur"]
[Result "1/2-1/2"]
[WhiteElo "2564"]
[BlackElo "2307"]
[PlyCount "138"]
[EventDate "2008.03.03"]

1. Nf3 Nf6 2. c4 b6 3. g3 c5 4. Bg2 Bb7 5. O-O g6 6. Nc3 Bg7 7. d4 cxd4 8. Qxd4
d6 9. Rd1 Nbd7 10. b3 O-O 11. Bb2 Nd5 12. Qd2 Nxc3 13. Bxc3 Bxc3 14. Qxc3 Nf6
15. Rac1 Qc7 16. Qe3 Rad8 17. Qh6 Qc5 18. h3 Ne4 19. Rd4 f6 20. Qe3 f5 21. b4
Qc7 22. Rdd1 e5 23. Qb3 Kg7 24. Nd2 Nf6 25. Bxb7 Qxb7 26. Nf1 f4 27. g4 Qe7 28.
Qd3 h5 29. g5 Nh7 30. h4 f3 31. exf3 Rf4 32. c5 bxc5 33. bxc5 Rxh4 34. cxd6
Qxg5+ 35. Ng3 Rd4 36. Qe3 Rxd1+ 37. Rxd1 Qxe3 38. fxe3 Nf6 39. f4 exf4 40. exf4
Kf7 41. Kg2 Rc8 42. Kh3 Ke6 43. f5+ gxf5 44. Re1+ Ne4 45. Nxe4 fxe4 46. Rxe4+
Kxd6 47. Ra4 Rc7 48. Ra5 Rh7 49. Rg5 Kc6 50. a4 Kb6 51. Rb5+ Ka6 52. Rg5 h4 53.
Re5 Rh6 54. Rd5 Rh7 55. Rf5 Rb7 56. Kxh4 Rb4+ 57. Kg3 Rxa4 58. Kf3 Ra5 59. Rf4
Re5 60. Re4 Rf5+ 61. Ke2 Kb5 62. Kd2 Rc5 63. Re1 a5 64. Rc1 Rh5 65. Kc3 Rh3+
66. Kb2 Kb4 67. Rg1 Rh2+ 68. Kb1 a4 69. Rg4+ Kb3 1/2-1/2

[Event "Reykjavik Open 2008"]
[Site "Reykjavik"]
[Date "2008.03.03"]
[Round "1.11"]
[White "Rebers, Eugene"]
[Black "Lie, Kjetil A"]
[Result "0-1"]
[WhiteElo "2297"]
[BlackElo "2556"]
[PlyCount "48"]
[EventDate "2008.03.03"]

1. f4 c5 2. Nf3 g6 3. g3 Bg7 4. Bg2 Nc6 5. O-O Nf6 6. d3 O-O 7. e4 d6 8. Nc3
Bg4 9. h3 Bxf3 10. Qxf3 Rb8 11. Nd5 b5 12. Nxf6+ Bxf6 13. c3 Bg7 14. e5 Rc8 15.
Be3 dxe5 16. Bxc5 b4 17. f5 bxc3 18. bxc3 Qa5 19. Qf2 Qxc3 20. Rad1 Bf6 21.
Bxc6 Rxc6 22. Bxa7 Rfc8 23. fxg6 hxg6 24. Qe2 Ra6 0-1

[Event "Reykjavik Open 2008"]
[Site "Reykjavik"]
[Date "2008.03.03"]
[Round "1.12"]
[White "Miezis, Normunds"]
[Black "Bjarnason, Oskar"]
[Result "1-0"]
[WhiteElo "2553"]
[BlackElo "2290"]
[PlyCount "49"]
[EventDate "2008.03.03"]

1. c4 f5 2. Nc3 Nf6 3. g3 d6 4. Bg2 g6 5. d3 Bg7 6. e4 c6 7. Nge2 O-O 8. O-O a5
9. h3 e5 10. exf5 Bxf5 11. d4 Na6 12. Be3 Qe7 13. Qd2 Nc7 14. Rae1 a4 15. g4
Be6 16. d5 Bd7 17. Bg5 c5 18. Ng3 Rf7 19. f4 Qf8 20. fxe5 dxe5 21. Nge4 Nce8
22. Be3 Nxe4 23. Nxe4 b6 24. Rxf7 Qxf7 25. Rf1 1-0

[Event "Reykjavik Open 2008"]
[Site "Reykjavik"]
[Date "2008.03.03"]
[Round "1.13"]
[White "Kjartansson, David"]
[Black "Nataf, Igor-Alexandre"]
[Result "0-1"]
[WhiteElo "2288"]
[BlackElo "2552"]
[PlyCount "52"]
[EventDate "2008.03.03"]

1. e4 c5 2. Nf3 Nc6 3. d4 cxd4 4. Nxd4 e5 5. Nb5 d6 6. c4 Be7 7. N1c3 a6 8. Na3
Be6 9. Be2 Nf6 10. O-O O-O 11. Nc2 Rc8 12. Bg5 Nxe4 13. Nxe4 Bxg5 14. Qxd6 Be7
15. Qxd8 Rfxd8 16. Rfd1 f5 17. Nc3 Nd4 18. Nxd4 exd4 19. Nd5 Bxd5 20. cxd5 Rxd5
21. Rac1 Rxc1 22. Rxc1 d3 23. Bd1 d2 24. Rc7 Re5 25. Bb3+ Kf8 26. Rc8+ Bd8 0-1

[Event "Reykjavik Open 2008"]
[Site "Reykjavik"]
[Date "2008.03.03"]
[Round "1.14"]
[White "Adly, Ahmed"]
[Black "Bjornsson, Sigurbjorn"]
[Result "1-0"]
[WhiteElo "2551"]
[BlackElo "2286"]
[PlyCount "45"]
[EventDate "2008.03.03"]

1. d4 Nf6 2. c4 g6 3. Nf3 Bg7 4. g3 O-O 5. Bg2 d6 6. O-O Nbd7 7. Nc3 e5 8. h3
exd4 9. Nxd4 Re8 10. Qc2 h6 11. e4 Nc5 12. Be3 Bd7 13. Rad1 Qc8 14. Kh2 a5 15.
f4 a4 16. Ndb5 Bxb5 17. cxb5 Nfd7 18. Nd5 Ra5 19. Qc4 b6 20. e5 dxe5 21. f5 Kh7
22. f6 Bf8 23. Ne7 1-0

[Event "Reykjavik Open 2008"]
[Site "Reykjavik"]
[Date "2008.03.03"]
[Round "1.15"]
[White "Genzling, Alain"]
[Black "Jankovic, Alojzije"]
[Result "0-1"]
[WhiteElo "2264"]
[BlackElo "2541"]
[PlyCount "63"]
[EventDate "2008.03.03"]

1. e4 c5 2. Nf3 Nc6 3. Nc3 d6 4. d4 cxd4 5. Nxd4 Nf6 6. Be2 g6 7. Be3 Bg7 8.
Nb3 O-O 9. f4 a6 10. O-O b5 11. Bf3 Bd7 12. e5 dxe5 13. fxe5 Nxe5 14. Bxa8 Qxa8
15. Bd4 Nc6 16. Bxf6 Qa7+ 17. Nc5 Qxc5+ 18. Kh1 Bxf6 19. Qxd7 Bg7 20. Rae1 b4
21. Ne4 Qxc2 22. Ng5 Ne5 23. Qxe7 Qxb2 24. h3 a5 25. Re4 h6 26. Ne6 fxe6 27.
Rxf8+ Bxf8 28. Qxe6+ Nf7 29. Qxg6+ Qg7 30. Qe6 Kh8 31. h4 Ng5 32. Qd5 {
......???} 0-1

[Event "Reykjavik Open 2008"]
[Site "Reykjavik"]
[Date "2008.03.03"]
[Round "1.16"]
[White "Hillarp Persson, Tiger"]
[Black "Edvardsson, Kristjan"]
[Result "1/2-1/2"]
[WhiteElo "2535"]
[BlackElo "2261"]
[PlyCount "129"]
[EventDate "2008.03.03"]

1. e4 c5 2. Nf3 d6 3. d4 cxd4 4. Nxd4 Nf6 5. Nc3 a6 6. Be2 e6 7. O-O Nbd7 8. a4
b6 9. f4 Bb7 10. Bf3 Qc7 11. Kh1 Be7 12. Qe2 Rb8 13. g4 O-O 14. g5 Ne8 15. f5
exf5 16. exf5 Ne5 17. Bxb7 Qxb7+ 18. Qg2 Qxg2+ 19. Kxg2 Rc8 20. Nd5 Bd8 21. b3
b5 22. axb5 axb5 23. h4 Rc5 24. Nb4 Nc7 25. Be3 Re8 26. Rfe1 Nd5 27. Nxd5 Rxd5
28. Ra8 Kf8 29. Bg1 Bb6 30. Rxe8+ Kxe8 31. Nf3 Bxg1 32. Kxg1 Kd7 33. Nxe5+ dxe5
34. Kf2 Rc5 35. Kf3 Kd6 36. Rd1+ Ke7 37. Rd2 g6 38. Ke4 f6 39. gxf6+ Kxf6 40.
Rd6+ Ke7 41. Re6+ Kf7 42. Rxe5 Rxc2 43. Rxb5 Rh2 44. Rb7+ Kf6 45. Rxh7 gxf5+
46. Kf4 Kg6 47. Rh8 Rh3 48. b4 Kg7 49. Rb8 Rxh4+ 50. Kxf5 Kf7 51. Ke5 Ke7 52.
Rb7+ Kd8 53. Kd6 Kc8 54. Rb6 Rh6+ 55. Kc5 Rh5+ 56. Kc6 Rg5 57. Ra6 Kb8 58. Kb6
Rh5 59. b5 Rh1 60. Ra2 Rh6+ 61. Ka5 Kb7 62. Rg2 Rh7 63. Rg6 Rf7 64. Rb6+ Ka7
65. Rh6 1/2-1/2

[Event "Reykjavik Open 2008"]
[Site "Reykjavik"]
[Date "2008.03.03"]
[Round "1.18"]
[White "Bojkov, Dejan"]
[Black "Gretarsson, Hjorvar Steinn"]
[Result "1-0"]
[WhiteElo "2523"]
[BlackElo "2247"]
[PlyCount "109"]
[EventDate "2008.03.03"]

1. e4 c5 2. Nf3 e6 3. c3 Nf6 4. d3 d6 5. g3 b6 6. Bg2 Bb7 7. O-O Nbd7 8. Nbd2
Qc7 9. Re1 g6 10. a4 Bg7 11. Nc4 O-O 12. a5 Bc6 13. Qe2 b5 14. Ncd2 a6 15. d4
cxd4 16. cxd4 Rac8 17. b4 Bb7 18. Bb2 Qb8 19. Rac1 Rxc1 20. Rxc1 Rc8 21. Rxc8+
Qxc8 22. Ne1 Bh6 23. f3 Nh5 24. Nb1 Ng7 25. Bc3 f5 26. Bd2 Bxd2 27. Qxd2 Nf6
28. Nc3 Qc7 29. Qd3 Kf7 30. Nc2 Ba8 31. Ne3 Bb7 32. Kf2 Ba8 33. Ke2 f4 34. Nf1
g5 35. Kf2 e5 36. Nd2 Ne6 37. Ne2 h5 38. d5 Nd8 39. Qc3 Qxc3 40. Nxc3 Bb7 41.
gxf4 gxf4 42. Bh3 Kg6 43. Ndb1 Nf7 44. Na3 Ng5 45. Bf5+ Kf7 46. h4 Ngh7 47.
Naxb5 axb5 48. Nxb5 Ke7 49. Nc7 Nf8 50. a6 Kd8 51. Ne6+ Nxe6 52. axb7 Kc7 53.
dxe6 Kxb7 54. e7 Kc7 55. b5 1-0

[Event "Reykjavik Open 2008"]
[Site "Reykjavik"]
[Date "2008.03.03"]
[Round "1.19"]
[White "Grover, Sahaj"]
[Black "Kveinys, Aloyzas"]
[Result "0-1"]
[WhiteElo "2242"]
[BlackElo "2521"]
[PlyCount "52"]
[EventDate "2008.03.03"]

1. e4 c5 2. Nf3 e6 3. d4 cxd4 4. Nxd4 a6 5. Nc3 Qc7 6. Bd3 Nf6 7. Qe2 Bd6 8.
Bg5 Be5 9. Nb3 Nc6 10. g3 d6 11. Bd2 Nd4 12. Nxd4 Bxd4 13. f4 O-O 14. g4 b5 15.
g5 Nd7 16. h4 b4 17. Nd1 a5 18. c3 bxc3 19. Bxc3 Qb6 20. Bxd4 Qxd4 21. Nc3 Bb7
22. O-O-O Qb6 23. h5 Rfc8 24. Bc2 Rab8 25. Rh3 Ba6 26. Bd3 Rxc3+ 0-1

[Event "Reykjavik Open 2008"]
[Site "Reykjavik"]
[Date "2008.03.03"]
[Round "1.20"]
[White "Bjarnason, Saevar"]
[Black "Moradiabadi, Elshan"]
[Result "0-1"]
[WhiteElo "2226"]
[BlackElo "2506"]
[PlyCount "80"]
[EventDate "2008.03.03"]

1. e4 c5 2. Nf3 e6 3. d4 cxd4 4. Nxd4 a6 5. Nc3 b5 6. Be2 Bb7 7. Bf3 b4 8. Na4
Qa5 9. b3 Nf6 10. O-O Nc6 11. Nxc6 Bxc6 12. a3 bxa3 13. Bxa3 Bxa3 14. Rxa3 Qb4
15. Qa1 Bxe4 16. Bxe4 Qxe4 17. Nb6 Rd8 18. Rxa6 O-O 19. c4 d5 20. c5 d4 21. Nc4
d3 22. Rd1 Nd5 23. f3 Qg6 24. Qd4 Qg5 25. Qe5 Qe7 26. Nd6 Rb8 27. Ra3 Qc7 28.
Qd4 Rb4 29. Nc4 Rb5 30. Rxd3 Rxc5 31. Rd1 h6 32. Rda1 Nf4 33. Qe3 Nd5 34. Qd4
Rb5 35. Ra7 Qb8 36. Nd2 Nf4 37. Kh1 Rd8 38. Qe3 Rbd5 39. Nf1 Rd1 40. g3 Qb5 0-1

[Event "Reykjavik Open 2008"]
[Site "Reykjavik"]
[Date "2008.03.03"]
[Round "1.21"]
[White "Danielsen, Henrik"]
[Black "Hagesaether, Ellen"]
[Result "1-0"]
[WhiteElo "2506"]
[BlackElo "2234"]
[PlyCount "89"]
[EventDate "2008.03.03"]

1. g3 d6 2. Bg2 g6 3. c4 Bg7 4. Nc3 e5 5. d3 f5 6. Nf3 Nf6 7. Bg5 c6 8. O-O h6
9. Bxf6 Qxf6 10. Rc1 Be6 11. b4 O-O 12. Nd2 Qf7 13. b5 cxb5 14. Qb3 Na6 15.
Qxb5 Rab8 16. Qa5 Rfd8 17. Rb1 Nc5 18. Nb5 Bf8 19. Qxa7 d5 20. cxd5 Bxd5 21.
Bxd5 Qxd5 22. Qb6 Qe6 23. Qxe6+ Nxe6 24. Nc4 Rd5 25. Nc3 Rc5 26. Rb6 Nd4 27.
Rxg6+ Kh7 28. Rb6 e4 29. Rfb1 Nxe2+ 30. Nxe2 exd3 31. Rxb7+ Rxb7 32. Rxb7+ Kg8
33. Nf4 Rxc4 34. Nxd3 Ra4 35. Rb2 Rd4 36. Nf4 Bd6 37. Ne2 Rd3 38. Kg2 Kf8 39.
Rb5 Rd2 40. Rxf5+ Kg7 41. Nc3 Bb4 42. Nd5 Ba3 43. Ne3 Bb4 44. Rb5 Bc3 45. Rc5
1-0

[Event "Reykjavik Open 2008"]
[Site "Reykjavik"]
[Date "2008.03.03"]
[Round "1.22"]
[White "Carlsson, Pontus"]
[Black "Narayanan, Srinath"]
[Result "1/2-1/2"]
[WhiteElo "2501"]
[BlackElo "2210"]
[PlyCount "29"]
[EventDate "2008.03.03"]

1. e4 e5 2. Nf3 Nc6 3. Bb5 a6 4. Ba4 Nf6 5. O-O b5 6. Bb3 Bc5 7. c3 d6 8. Re1
O-O 9. d4 Bb6 10. Bg5 h6 11. Bh4 g5 12. Bg3 Bg4 13. dxe5 Nxe5 14. Bxe5 dxe5 15.
Qxd8 1/2-1/2

[Event "Reykjavik Open 2008"]
[Site "Reykjavik"]
[Date "2008.03.03"]
[Round "1.23"]
[White "Andersson, Christin"]
[Black "Malisauskas, Vidmantas"]
[Result "1/2-1/2"]
[WhiteElo "2194"]
[BlackElo "2489"]
[PlyCount "106"]
[EventDate "2008.03.03"]

1. e4 c5 2. Nf3 Nc6 3. c3 Nf6 4. e5 Nd5 5. Bc4 Nb6 6. Bb3 c4 7. Bc2 d6 8. exd6
Qxd6 9. d4 cxd3 10. Qxd3 Qxd3 11. Bxd3 e5 12. O-O f6 13. Re1 Kf7 14. Be3 Nd5
15. Bc4 Be6 16. Nbd2 Nxe3 17. Bxe6+ Kxe6 18. Rxe3 Bc5 19. Re2 Rhd8 20. Nb3 Bb6
21. Kf1 h5 22. Nfd2 Kf7 23. Nc4 Bc7 24. Ke1 f5 25. Rd1 Rxd1+ 26. Kxd1 Rd8+ 27.
Rd2 Rxd2+ 28. Kxd2 e4 29. h3 b5 30. Ne3 f4 31. Nc2 Bb6 32. Ke2 Ke6 33. Nd2 Kd5
34. f3 exf3+ 35. Nxf3 Bd8 36. Ncd4 Nxd4+ 37. Nxd4 a6 38. Kf3 g5 39. h4 g4+ 40.
Kxf4 Bxh4 41. Kf5 b4 42. Ne2 bxc3 43. Nxc3+ Kc4 44. Kg6 Be1 45. Kxh5 g3 46. Kg4
a5 47. Ne4 Kd3 48. Nc5+ Kc2 49. Na4 Kb1 50. a3 Ka2 51. b4 Kxa3 52. bxa5 Kxa4
53. a6 Bf2 1/2-1/2

[Event "Reykjavik Open 2008"]
[Site "Reykjavik"]
[Date "2008.03.03"]
[Round "1.24"]
[White "Kristjansson, Stefan"]
[Black "Bjornsson, Bjorn Freyr"]
[Result "1-0"]
[WhiteElo "2476"]
[BlackElo "2194"]
[PlyCount "73"]
[EventDate "2008.03.03"]

1. e4 e5 2. Nf3 Nc6 3. Bc4 Bc5 4. c3 Nf6 5. d3 d6 6. Bb3 a6 7. Nbd2 O-O 8. h3
Ba7 9. Nf1 d5 10. Qe2 dxe4 11. dxe4 Be6 12. Ng3 Bxb3 13. axb3 g6 14. Bg5 Qe7
15. O-O Qe6 16. b4 Kg7 17. Rfd1 Rfd8 18. Nd2 h6 19. Bh4 Kh7 20. Ngf1 Rd7 21.
Nc4 Rad8 22. Rxd7 Rxd7 23. Bxf6 Qxf6 24. Nce3 Ne7 25. b5 Qf4 26. bxa6 bxa6 27.
Rxa6 c6 28. Qg4 f5 29. exf5 gxf5 30. Qxf4 exf4 31. Nc4 Bb8 32. Nfd2 f3 33. g3
Rd3 34. Ra8 Bc7 35. Ra7 Bd8 36. Nxf3 Rxf3 37. Rd7 1-0

[Event "Reykjavik Open 2008"]
[Site "Reykjavik"]
[Date "2008.03.03"]
[Round "1.25"]
[White "Halldorsson, Jon Arni"]
[Black "Hermansson, Emil"]
[Result "0-1"]
[WhiteElo "2174"]
[BlackElo "2472"]
[PlyCount "88"]
[EventDate "2008.03.03"]

1. d4 Nf6 2. Nf3 g6 3. c4 Bg7 4. Nc3 d5 5. Bg5 dxc4 6. Qa4+ c6 7. Qxc4 Qa5 8.
Qb3 O-O 9. e3 c5 10. Qb5 Qxb5 11. Nxb5 Nc6 12. Rc1 cxd4 13. Nbxd4 Bd7 14. Be2
Ne4 15. Nxc6 Bxc6 16. Bxe7 Bxb2 17. Rxc6 bxc6 18. Bxf8 Bc3+ 19. Kf1 Kxf8 20.
Bd3 Nc5 21. Ke2 Rb8 22. Rb1 Rb6 23. Rxb6 axb6 24. Ng5 f6 25. Ne4 Nxd3 26. Nxc3
Nc5 27. e4 Ke7 28. f4 Kd6 29. Ke3 h5 30. g3 b5 31. h3 b4 32. Ne2 Na4 33. Kd4
c5+ 34. Kd3 f5 35. Nc1 Nc3 36. exf5 gxf5 37. a3 Ne4 38. axb4 cxb4 39. g4 Nf2+
40. Kc4 fxg4 41. hxg4 h4 42. Ne2 b3 43. Kc3 Ne4+ 44. Kxb3 h3 0-1

[Event "Reykjavik Open 2008"]
[Site "Reykjavik"]
[Date "2008.03.03"]
[Round "1.26"]
[White "Vavrak, Peter"]
[Black "Misiuga, Andrzej"]
[Result "1-0"]
[WhiteElo "2472"]
[BlackElo "2157"]
[PlyCount "79"]
[EventDate "2008.03.03"]

1. d4 Nf6 2. c4 c5 3. d5 b5 4. cxb5 a6 5. b6 Qxb6 6. Nc3 g6 7. Nf3 Bg7 8. Nd2
d6 9. e4 O-O 10. Be2 Nbd7 11. O-O Rb8 12. Qc2 Qc7 13. b3 e6 14. dxe6 fxe6 15.
Bb2 Ne5 16. Na4 Nfd7 17. Bc4 Nb6 18. Nxb6 Rxb6 19. Rad1 Qe7 20. Be2 Rb8 21. Nc4
Nxc4 22. Bxc4 Bxb2 23. Qxb2 Bb7 24. Qe2 a5 25. Rd3 Rbd8 26. Rfd1 Kg7 27. Qb2+
Kg8 28. Qd2 Bxe4 29. Rxd6 Bd5 30. Rxd8 Rxd8 31. Qxa5 Ra8 32. Qd2 Bxc4 33. bxc4
Ra4 34. Qe2 Qf6 35. g3 Ra7 36. Rd6 Kf7 37. Rd3 Qa1+ 38. Kg2 Qxa2 39. Rd7+ Kf6
40. Qf3+ 1-0

[Event "Reykjavik Open 2008"]
[Site "Reykjavik"]
[Date "2008.03.03"]
[Round "1.28"]
[White "Thorsteinsson, Erlingur"]
[Black "Simutowe, Amon"]
[Result "0-1"]
[WhiteElo "2132"]
[BlackElo "2457"]
[PlyCount "50"]
[EventDate "2008.03.03"]

1. Nf3 Nf6 2. b3 g6 3. Bb2 Bg7 4. e3 O-O 5. d4 b6 6. Nbd2 Bb7 7. Bd3 d6 8. Nc4
Nbd7 9. Qe2 Nd5 10. a3 a5 11. Qd2 N5f6 12. Qe2 e6 13. O-O Ne4 14. Ncd2 f5 15.
Rac1 Qe7 16. c4 c5 17. a4 Ndf6 18. Bb1 h6 19. Nxe4 Nxe4 20. Ne1 e5 21. dxe5
dxe5 22. f3 Ng5 23. Nd3 Rad8 24. Nf2 Bxf3 25. gxf3 Rd2 0-1

[Event "Reykjavik Open 2008"]
[Site "Reykjavik"]
[Date "2008.03.03"]
[Round "1.29"]
[White "Arakhamia-Grant, Ketevan"]
[Black "Sigurjonsson, Stefan Th"]
[Result "1-0"]
[WhiteElo "2457"]
[BlackElo "2136"]
[PlyCount "73"]
[EventDate "2008.03.03"]

1. e4 e6 2. d4 d5 3. Nc3 Bb4 4. e5 c5 5. a3 Ba5 6. b4 cxd4 7. Nb5 Bc7 8. f4 Ne7
9. Bd3 Nf5 10. Nf3 Bd7 11. Nxc7+ Qxc7 12. Bb2 Nc6 13. Bxf5 exf5 14. O-O O-O 15.
Bxd4 Nxd4 16. Nxd4 Rac8 17. Qf3 Qb6 18. Qf2 Rc4 19. Rad1 Rfc8 20. Rd3 g6 21.
Qe3 Bb5 22. Rfd1 Ba4 23. h4 Bxc2 24. Nxc2 Rxc2 25. Qxb6 axb6 26. Rxd5 R8c3 27.
R1d3 Rc4 28. R5d4 b5 29. h5 Ra2 30. h6 Kf8 31. Rd8+ Ke7 32. R8d7+ Ke8 33. Rd8+
Ke7 34. R8d7+ Ke8 35. e6 Rcc2 36. exf7+ Kf8 37. Re3 1-0

[Event "Reykjavik Open 2008"]
[Site "Reykjavik"]
[Date "2008.03.03"]
[Round "1.30"]
[White "Hammer, Jon Ludvig"]
[Black "Finnlaugsson, Gunnar"]
[Result "1-0"]
[WhiteElo "2441"]
[BlackElo "2128"]
[PlyCount "47"]
[EventDate "2008.03.03"]

1. e4 e6 2. d4 d5 3. Nd2 dxe4 4. Nxe4 Nf6 5. Nxf6+ gxf6 6. Be3 b6 7. Qf3 c6 8.
O-O-O Bb7 9. Bc4 Nd7 10. Nh3 Bd6 11. Rhe1 Qe7 12. Bb5 Nb8 13. Ba4 b5 14. Bb3 c5
15. Qh5 cxd4 16. Bxd4 e5 17. Bc3 Rf8 18. f4 Nd7 19. fxe5 Bxe5 20. Bxe5 fxe5 21.
Ng5 Qf6 22. Rf1 Qg6 23. Bxf7+ Rxf7 24. Qxg6 1-0

[Event "Reykjavik Open 2008"]
[Site "Reykjavik"]
[Date "2008.03.03"]
[Round "1.31"]
[White "Gueneau, Christophe"]
[Black "Perunovic, Miodrag"]
[Result "0-1"]
[WhiteElo "2126"]
[BlackElo "2440"]
[PlyCount "82"]
[EventDate "2008.03.03"]

1. d4 Nf6 2. Nf3 e6 3. e3 b6 4. Nbd2 Bb7 5. Bd3 c5 6. c3 cxd4 7. exd4 Be7 8.
O-O O-O 9. Re1 d6 10. Nf1 Nbd7 11. Ng3 Re8 12. a4 a6 13. Bd2 Qc7 14. Ng5 Bf8
15. Nh5 e5 16. dxe5 dxe5 17. Re3 e4 18. Bc2 h6 19. Nh3 Bd6 20. Ng3 Rad8 21. Re1
Nc5 22. Qc1 Qc6 23. Re2 Nd3 24. Qf1 Nxb2 25. Nf5 Nc4 26. Nd4 Qc7 27. Be1 Bxh2+
28. Kh1 Be5 29. Nf5 Qc8 30. Ne3 Nxe3 31. fxe3 Bd5 32. Rf2 Bc4 33. Qg1 Ng4 34.
Rf4 g5 35. Rxe4 Bh2 36. Rxe8+ Rxe8 37. Qxh2 Nxh2 38. Kxh2 Rxe3 39. Bf2 Rxc3 40.
Bd1 Qc7+ 41. Kh1 Bd5 0-1

[Event "Reykjavik Open 2008"]
[Site "Reykjavik"]
[Date "2008.03.03"]
[Round "1.32"]
[White "Gunnarsson, Jon Viktor"]
[Black "Steil-Antoni, Fiona"]
[Result "1-0"]
[WhiteElo "2429"]
[BlackElo "2122"]
[PlyCount "43"]
[EventDate "2008.03.03"]

1. e4 e5 2. Nf3 Nc6 3. Bc4 Bc5 4. c3 Nf6 5. d3 d6 6. Bb3 a6 7. Nbd2 Ba7 8. h3
O-O 9. Nf1 h6 10. g4 d5 11. Qe2 Be6 12. g5 hxg5 13. Bxg5 dxe4 14. dxe4 Bxb3 15.
axb3 Qd6 16. Ng3 Ne7 17. Rg1 Ng6 18. Nf5 Qc6 19. Bxf6 Qxf6 20. Qc4 c6 21. Rxg6
Qxg6 22. Ne7+ 1-0

[Event "Reykjavik Open 2008"]
[Site "Reykjavik"]
[Date "2008.03.03"]
[Round "1.33"]
[White "Thorgeirsson, Sverrir"]
[Black "Lie, Espen"]
[Result "0-1"]
[WhiteElo "2120"]
[BlackElo "2428"]
[PlyCount "109"]
[EventDate "2008.03.03"]

1. e4 e5 2. Nf3 Nc6 3. Bb5 a6 4. Bxc6 dxc6 5. O-O Qf6 6. d4 exd4 7. Nxd4 Ne7 8.
Nc3 Ng6 9. f4 Bc5 10. Be3 Qh4 11. Qf3 Bg4 12. Qf2 Qxf2+ 13. Rxf2 O-O-O 14. Nf5
Bf8 15. Ng3 h5 16. Nge2 Be7 17. Rff1 Bb4 18. a3 Ba5 19. Kf2 Rhe8 20. b4 Bb6 21.
Bxb6 cxb6 22. h3 Bxe2 23. Kxe2 Rd4 24. Rad1 Rc4 25. Rd3 f5 26. Re3 fxe4 27. g4
hxg4 28. hxg4 Nh4 29. Rf2 Kc7 30. Rh2 Ng6 31. Rf2 Ne7 32. Kd2 Nd5 33. Nxd5+
cxd5 34. c3 Rh8 35. f5 Rc6 36. g5 Kd6 37. f6 gxf6 38. gxf6 Rc7 39. f7 Rf8 40.
Rf6+ Ke5 41. Rxb6 Rfxf7 42. Rh3 Rf2+ 43. Ke1 Rf4 44. Ke2 Rg7 45. Rh2 Rg3 46.
Kd2 Rd3+ 47. Kc2 Rff3 48. Rh5+ Kf4 49. Rxb7 Rxc3+ 50. Kb2 Rb3+ 51. Kc2 Rfc3+
52. Kd1 Ke3 53. Rh3+ Kd4 54. Rxc3 Kxc3 55. a4 0-1

[Event "Reykjavik Open 2008"]
[Site "Reykjavik"]
[Date "2008.03.03"]
[Round "1.34"]
[White "Gaponenko, Inna"]
[Black "Bjornsson, Sverrir Orn"]
[Result "1-0"]
[WhiteElo "2422"]
[BlackElo "2116"]
[PlyCount "73"]
[EventDate "2008.03.03"]

1. e4 e6 2. d4 d5 3. Nc3 dxe4 4. Nxe4 Bd7 5. Nf3 Bc6 6. Bd3 Nd7 7. O-O Bxe4 8.
Bxe4 c6 9. Re1 Ngf6 10. Bd3 Be7 11. Ne5 O-O 12. Qf3 Qc7 13. Qh3 Rfe8 14. Bf4
Nf8 15. Rad1 Bd6 16. c4 Ng6 17. Bg3 Rad8 18. c5 Bxe5 19. Bxe5 Qa5 20. a3 Nd7
21. Bd6 Ndf8 22. Qg3 Rc8 23. h4 Nd7 24. h5 Ne7 25. Bc2 Nd5 26. Qd3 g6 27. Qg3
Kg7 28. Re4 Qd8 29. Rd3 N5f6 30. Rh4 Nd5 31. Rf3 f5 32. hxg6 hxg6 33. Qh2 N5f6
34. Rfh3 Nf8 35. Be5 Kf7 36. Rh8 Ng4 37. R3h7+ 1-0

[Event "Reykjavik Open 2008"]
[Site "Reykjavik"]
[Date "2008.03.03"]
[Round "1.36"]
[White "Tania, Sachdev"]
[Black "Ragnarsson, Johann"]
[Result "1-0"]
[WhiteElo "2417"]
[BlackElo "2085"]
[PlyCount "49"]
[EventDate "2008.03.03"]

1. d4 d5 2. Nf3 c6 3. c4 e6 4. Qb3 Bd6 5. Nc3 dxc4 6. Qxc4 b5 7. Qd3 Nd7 8. e4
b4 9. Na4 a5 10. Qc2 Bb7 11. Bd3 e5 12. Be3 Ngf6 13. dxe5 Nxe5 14. Nxe5 Bxe5
15. Nb6 Rb8 16. Nc4 Nd7 17. f4 Bc7 18. O-O Qe7 19. e5 h6 20. e6 fxe6 21. Bg6+
Kd8 22. Ne5 Nxe5 23. fxe5 Bxe5 24. Rf7 Qh4 25. Qd3+ 1-0